000 00965cam a2200277 4500
001 3562
005 20240320132511.0
020 _a0701522054
040 _aDLC
_cDLC
_dDLC
_beng
050 0 0 _aPZ10.J573
082 0 0 _a624.152
100 1 _aJohnson, Ryerson
_d1901-
245 1 0 _aMonsters that move earth /
_cWritten by Ryerson Johnson. Illustrated by Willi Baum
250 _aFirst published in Australia in 1976
260 _aMassauchusetts :
_bGinn and Company ,
_c1974
300 _a16 unnumbered pages :
_bcolor illustrations ;
_c19 cm .
505 _aH
520 _aIntroduces bulldozers, power shovels, ditch diggers, and other massive earthmoving machines.
521 _a430
_bLexile estimate
521 _aH
_bRaz-Plus
650 0 _aEarthmoving machinery
_xJuvenile literature
650 1 _aEarthmoving machinery
700 1 _aBaum, Willi
_eillustrator
906 _a7
_bcbc
_corignew
_d2
_encip
_f19
_gy-gencatlg
942 _2ddc
_cBK
_n0
999 _c3562
_d3562